ბათუმის შოთა რუსთაველის სახელმწიფო უნივერსიტეტის ბიბლიოთეკა

ლანდშაფტური ხელოვნება (ბიბ.ჩანაწერი № 50765)

000 -LEADER
fixed length control field 00793nam a2200229Ia 4500
001 - CONTROL NUMBER
control field 17717
003 - CONTROL NUMBER IDENTIFIER
control field GE_BSU
008 - FIXED-LENGTH DATA ELEMENTS--GENERAL INFORMATION
fixed length control field 181216s||||||||xx |||||||||||||| ||und||
020 ## - INTERNATIONAL STANDARD BOOK NUMBER
International Standard Book Number 9789941459320
040 ## - CATALOGING SOURCE
Transcribing agency GE_BSU
080 ## - UNIVERSAL DECIMAL CLASSIFICATION NUMBER
Universal Decimal Classification number 712(479.22)
100 ## - MAIN ENTRY--PERSONAL NAME
Personal name ბენიძე, ე., ოჩხიკიძე, ი., ტყავაძე, მ.
245 ## - TITLE STATEMENT
Title ლანდშაფტური ხელოვნება
245 ## - TITLE STATEMENT
Statement of responsibility, etc. რედ.:მ.კურდღელაია
260 ## - PUBLICATION, DISTRIBUTION, ETC.
Place of publication, distribution, etc. ქუთაისი
260 ## - PUBLICATION, DISTRIBUTION, ETC.
Name of publisher, distributor, etc. აკაკი წერეთლის სახ. უნ-ტი
260 ## - PUBLICATION, DISTRIBUTION, ETC.
Date of publication, distribution, etc. 2014
300 ## - PHYSICAL DESCRIPTION
Extent 312 გვ. ილ.26სმ.
300 ## - PHYSICAL DESCRIPTION
Accompanying material ბიბლ.გვ.305
653 ## - INDEX TERM--UNCONTROLLED
Uncontrolled term ლანდშაფტური ხელოვნება
942 ## - ADDED ENTRY ELEMENTS (KOHA)
Koha item type წიგნი
ეგზემპლარები
Withdrawn status Lost status Damaged status Not for loan Date acquired Barcode Date last seen Price effective from Koha item type
        2018-12-17 41577 2018-12-17 2018-12-17 წიგნი